Estatísticas para Laos

Clique aqui para jogar o quiz

Estatísticas Gerais

  • Esse quiz foi jogado 9 vezes
  • A pontuação média é 9 de 15

Estatísticas das Respostas

HintResposta% Correto
Onde fica?Ásia
100%
Com que país faz fronteira a Sul?Camboja
88%
Com que país faz fronteira a Norte?China
88%
Com que país faz fronteira a Sul e a Oeste?Tailândia
88%
Com que país faz fronteira a Leste?Vietnã
88%
Qual é a sua religião?Budismo
75%
De que país é independente?França
75%
Qual é o seu código ISO?LAO
75%
Com que país faz fronteira a Noroeste?Myanmar
63%
Qual é a sua capital?Vientiane
63%
Qual é a sua moeda?Kip
25%
Qual é o seu idioma?Laosiano
25%
Qual é o seu rio mais importante?Rio Mecom
13%
Qual é o seu ponto mais alto?Phou Bia
0%
Qual é o seu tipo de clima?Subtropical húmido
0%

Distribuição das Pontuações

Percentil de Números Respondidos

Porcentagem de Pessoas com Cada Pontuação

Sua Pontuação Histórica

Você não jogou esse quiz